10 PRINT CHR$(205.5+RND(1));:GOTO 10 / (Record no. 18690)

000 -LEADER
fixed length control field 00460cam a2200157 a 4500
020 ## - INTERNATIONAL STANDARD BOOK NUMBER
ISBN 9780262018463 (hardcover : alk. paper)
040 ## - CATALOGING SOURCE
Transcribing agency DLC
082 00 - DEWEY DECIMAL CLASSIFICATION NUMBER
Classification number 005 MIT 2013 C151 Or.
245 00 - TITLE STATEMENT
Title 10 PRINT CHR$(205.5+RND(1));:GOTO 10 /
260 ## - PUBLICATION, DISTRIBUTION, ETC. (IMPRINT)
Place of publication Cambridge, Mass. :
Name of publisher MIT Press,
Year of publication c2013.
300 ## - PHYSICAL DESCRIPTION
Number of Pages xi, 309 p. :
Other physical details ill. ;
Dimensions 24 cm.
490 0# - SERIES STATEMENT
Series statement Software studies
650 #0 - SUBJECT ADDED ENTRY--TOPICAL TERM
Topical Term BASIC (Computer program language)
700 1# - ADDED ENTRY--PERSONAL NAME
Personal name Montfort, Nick.
942 ## - ADDED ENTRY ELEMENTS (KOHA)
Koha item type ADB
952 ## - LOCATION AND ITEM INFORMATION (KOHA)
Withdrawn status [LOCAL, KOHA] 0
Holdings
Source of acquisition Permanent Location Date acquired Koha item type Lost status Shelving location Current Location Full call number
A35182Library Block C2020-01-13សៀវភៅភាសាអង់គ្លេស C151Library Block C005 MIT 2013 C151 Or.
មជ្ឈមណ្ឌលឯការនៃសាកលវិទ្យាល័យភូមិន្ទកសិកម្មចំការដូង

Powered by Koha